Property Feasibility and Studies

Saved in:
書目詳細資料
主要作者: Ogunba,Olusegun A.
格式: 圖書
語言:英语
出版: Obafemi Awolowo University Press. 2018.
標簽: 添加標簽
沒有標簽, 成為第一個標記此記錄!

MARC

LEADER 00000nam a22000007a 4500
008 210728b ||||| |||| 00| 0 eng d
020 |a 9781366575 
100 |a Ogunba,Olusegun A. 
245 |a Property Feasibility and Studies  |c Olusegun A. Ogunba {and} Syril A. Ajayi  |g x ,307p. 
260 |b Obafemi Awolowo University Press.  |c 2018.  |d Book  |h Nigeria  |i 695959  |i 695950  |l HD 1388.P94  |m Real Eastate  |m Real Eastate Financing  |m Real Eastate developing  |m Real Property-Valuation-case study 
500 |a It includes index 
942 |a lcc  |c BK  |e Olagoke, M.A.  |f 28/07/2021 
952 |0 0  |1 0  |2 lcc  |4 0  |6 HD1388 P94  |7 0  |9 2893  |a HOL  |b SSL  |c GJ  |d 2021-07-28  |l 0  |o HD 1388.P94  |p 2021-66557  |r 2021-07-28 00:00:00  |w 2021-07-28  |y BK 
952 |0 0  |1 0  |2 lcc  |4 0  |7 0  |9 2894  |a HOL  |b HOL  |c GJ  |d 2021-07-28  |o HD 1388.P94  |p 2021-66558  |r 2021-07-28 00:00:00  |w 2021-07-28  |y BK 
999 |c 1476  |d 1476